000 01618nem0a2200337 4500
001 RU\NLR\cart\8826
005 20250614031350.0
035 _a(NLR Aleph) 010296399
090 _a10572598
_c10572598
100 _a20131002d1930 |||y0rusy50 ca
101 0 _arus
102 _aRU
120 _abyy xx||
123 1 _aa
_b1500000
135 _acrcn 024anaba
200 1 _aКарта полезных ископаемых Карельской АССР и сопредельных районов
_bКарты
_fСост. Сектором фондов ГГРУ в 1930 г.
206 _a1:1 500 000, 15 км в 1 см
210 _aЛенинград
_cГоскартогеодезия при Ин-те Геодезии и Картографии ГГУ ВСНХ-СССР
_d1930
215 _a1 к
_cцв.
_d60х45 см
325 1 _aКопия доступна в электронной библиотеке РНБ
327 1 _aДоп. карта: Карта полезных ископаемых Вятского района.- 1:2 500 000
509 0 1 _7ca
_aКарельская АССР
_92634771
_3RU\NLR\auth_crt\551602
606 0 _aПолезные ископаемые
_92177871
_3RU\NLR\auth_crt\6669
620 _aСССР
801 0 _aRU
_bNLR
_c20131002
_gPSBO
852 _aNLR
_bК
_j4-Сев 2/12
_m1647
_t49527
901 _eКартографические материалы
942 _cMAP
980 _aNB
981 1 9 _a(19) Картографические материалы